| 000 | 00880cam a22002054a 4500 | ||
|---|---|---|---|
| 005 | 20250605163924.0 | ||
| 008 | 250528s ||||||||||||||||||||||||d | ||
| 035 | _a14487 | ||
| 020 | _a140227954 | ||
| 040 |
_aGR-AtMCL _bgre _dGR-AtMCL _eAACR2 |
||
| 245 | 1 | _aThe New Introducing Sociology | |
| 250 | _a3rd | ||
| 260 |
_bPenguin Books, _c1987 |
||
| 300 | _a560 | ||
| 520 | _aThis book draws upon the most recent findings of sociological research about a rapidly changing society. Preface, Introduction, Development, The Research Process, Sex and Gender and the Family, Education, Health and Illness and Medicine, Community and Urban Life, Work and Industry and Organizations, Ethnicity and Race, Class, Deviance, Theoretical Schools, References, Further Reading, Author and Subject Index. | ||
| 700 | 1 |
_aWorsley Peter _9179 |
|
| 942 | _cBK | ||
| 999 |
_c116 _d116 |
||